• 首页
  • 本馆介绍
  • 公告通知
  • 最新文献
  • 馆藏检索
  • 电子资源
  • 读者荐购
  • 参考咨询
  • CALIS
  • 我的图书馆
  • 登录
  • 详细信息显示
  • 放入我的书架
  • 预约/预借图书
  • 作者相关作品
  • 分类相关作品
  • 丛书相关作品
  • 出版社相关作品

书目信息

  • 表格格式
  • 工作单格式
  • 卡片格式
题名:
德意志历史
    
 
作者: 舒特 著 ;崔旭东 译
分册:  
出版信息: 重庆   重庆出版社  2022.03
页数: 297页
开本: 29cm
丛书名:
单 册:
中图分类: K516
科图分类:
主题词:
电子资源:
ISBN: 978-7-229-15934-4
 
 
 
 
 
000 01453nam0 2200241 450
001 011025153324
005 20221025153324.0
010    @a978-7-229-15934-4@b精装@dCNY198.00
100    @a20201004d2022 em y0chiy0120 ea
101 1  @achi@cger
102    @aCN@b500000
105    @aab z 000yy
106    @ar
200 1  @a德意志历史@Ade yi zhi li shi@e从古至今的德国发展史@f(德) 恩斯特·克里斯蒂安·舒特著@g崔旭东译
210    @a重庆@c重庆出版社@d2022.03
215    @a297页@c图, 地图, 照片@d29cm
330    @a本书是一部彩色图文本的德国通史图书,上起古代日耳曼人在欧洲的迁徙和分布、发展,下至默克尔总理当选,用丰富的图片资料和简约的文字,叙述了德国历史的发展过程,是一部较为通俗的德国史入门读物。德国人在近现代,掀起了两次世界大战,又在战后进行了深刻的历史反省,实现了经济和科技的高速发展。这到底是一个怎样的民族?他们到底经历了什么而形成了独特的民族性格?这部《德意志历史》以通俗有趣的形式讲述德国历史,能增加大众读者对德国历史与文化的了解,对扩大对外开发的国策也有益处。本书叙事客观冷静,没有强烈的情感色彩和政治色彩,维持着德意志民族的性格特征。全书有超过150幅精美插画和地图,带领读者一起回溯德国两千多年的历史长河,读懂这个欧洲大国的前世今生。末尾附有德国的历史发展时间轴。
510 1  @aDeutsche Geschichte@eVon den Anfangen bis Heute@zger
607    @a德国@Ade guo@x历史
690    @aK516@v5
701  0 @a舒特@Ashu te@4著@c(德)@g(Schütt, Ernst Christian)
702  0 @a崔旭东@Acui xu dong@4译@f(1956-)
905    @a河南城建学院图书馆@dK516@eE052
    
    德意志历史:从古至今的德国发展史/(德) 恩斯特·克里斯蒂安·舒特著/崔旭东译.-重庆:重庆出版社,2022.03
    297页:图, 地图, 照片;29cm
    
    
    ISBN 978-7-229-15934-4(精装):CNY198.00
    本书是一部彩色图文本的德国通史图书,上起古代日耳曼人在欧洲的迁徙和分布、发展,下至默克尔总理当选,用丰富的图片资料和简约的文字,叙述了德国历史的发展过程,是一部较为通俗的德国史入门读物。德国人在近现代,掀起了两次世界大战,又在战后进行了深刻的历史反省,实现了经济和科技的高速发展。这到底是一个怎样的民族?他们到底经历了什么而形成了独特的民族性格?这部《德意志历史》以通俗有趣的形式讲述德国历史,能增加大众读者对德国历史与文化的了解,对扩大对外开发的国策也有益处。本书叙事客观冷静,没有强烈的情感色彩和政治色彩,维持着德意志民族的性格特征。全书有超过150幅精美插画和地图,带领读者一起回溯德国两千多年的历史长河,读懂这个欧洲大国的前世今生。末尾附有德国的历史发展时间轴。
●
相关链接 在E读中查询图书 在当当中查询图书 在豆瓣中查询图书


正题名:德意志历史     索取号:K516/E052         预约/预借

序号 登录号 条形码 馆藏地/架位号 状态 备注
1 1587510   215875104   社科库309/309社科库 40排5列3层/ [索取号:K516/E052] 在馆    
河南城建学院图书馆 欢迎您!
大连网信软件有限公司© 版权所有